[Event "AUTO-MASTER-1036"]
[Site "http://www.queenalice.com/game.php?id=726565"]
[Date "2010.2.6"]
[Round "1"]
[White "Topera"]
[Black "CCapivara"]
[Result "0-1"]
[WhiteElo "1924"]
[BlackElo "2117"]

1. d4 d5 2. c4 e5 3. dxe5 d4 4. Nf3 Nc6 5. Nbd2 Bg4 6. g3 Bb4 7. Bg2 Nge7 8. O-O
Qd7 9. Nb3 O-O-O 10. Bd2 Bxd2 11. Qxd2 Ng6 12. Rad1 Bxf3 13. Bxf3 Ngxe5 14. Bg2
h5 15. Na5 h4 16. b4 Nxa5 17. bxa5 Nxc4 18. Qb4 Nd6 19. Rxd4 hxg3 20. Rxd6 gxh2+
21. Kh1 cxd6 22. Rb1 d5 23. Qc5+ Kb8 24. Qd4 f6 25. a6 b6 26. a4 Qc7 27. e4 Rh4
28. a5 dxe4 29. Qe3 Rd6 30. Bxe4 Re6 31. Qg3 Qxg3 32. fxg3 Rhxe4 33. Rb2 Re1+
34. Kg2 h1=Q+ 35. Kf2 Qf1# 0-1

[Event "AUTO-MASTER-1036"]
[Site "http://www.queenalice.com/game.php?id=726572"]
[Date "2010.2.6"]
[Round "1"]
[White "Topera"]
[Black "Mannu"]
[Result "0-1"]
[WhiteElo "1779"]
[BlackElo "2050"]

1. d4 d5 2. c4 e6 3. Nc3 Bb4 4. Bd2 Nf6 5. Nf3 Nc6 6. e3 O-O 7. Be2 Ne7 8. O-O
dxc4 9. Bxc4 b6 10. Re1 Bb7 11. Be2 Ng6 12. Qc2 Bd6 13. h3 Rc8 14. a3 c5 15.
dxc5 Rxc5 0-1

[Event "AUTO-MASTER-1036"]
[Site "http://www.queenalice.com/game.php?id=726573"]
[Date "2010.2.6"]
[Round "1"]
[White "Mannu"]
[Black "Topera"]
[Result "1-0"]
[WhiteElo "2065"]
[BlackElo "1774"]

1. e4 c5 2. c4 Nc6 3. d3 e5 4. Nf3 Nf6 5. Be2 Be7 6. Nc3 a6 7. O-O b6 8. a3 Bb7
9. Nd5 Nd4 10. Nxe5 Nxe2+ 11. Qxe2 O-O 12. Ne3 d6 13. Nf3 Nd7 14. Nf5 1-0

[Event "AUTO-ADV-1656"]
[Site "http://www.queenalice.com/game.php?id=732518"]
[Date "2010.2.16"]
[Round "1"]
[White "seveneleven92"]
[Black "Topera"]
[Result "1-0"]
[WhiteElo "1668"]
[BlackElo "1916"]

1. d4 Nf6 2. c4 e6 3. Nf3 d5 4. Nc3 Bb4 5. Bg5 Nbd7 6. e3 b6 7. Bd3 Bb7 8. O-O
dxc4 9. Bxc4 O-O 10. Re1 c5 11. e4 Bxc3 12. bxc3 Qc7 13. d5 exd5 14. exd5 Qd6
15. Bxf6 Nxf6 16. Re5 Rfe8 17. Rg5 Ne4 18. Rg4 Nxc3 19. Qc2 Nxd5 20. Rd1 Qe6 21.
Rg5 Rad8 22. Qb3 f5 23. Qb2 Re7 24. Nh4 a6 25. Nxf5 b5 26. Nxg7 Qe4 27. Ne6+ Kf7
28. Nxd8+ Ke8 29. Qh8+ Kd7 30. Nxb7 bxc4 31. Nxc5+ Kd6 32. Nxe4+ Rxe4 33. Rdxd5+
Kc7 34. Qd8+ Kc6 35. Qd6+ Kb7 36. Rg7+ 1-0

[Event "AUTO-ADV-1656"]
[Site "http://www.queenalice.com/game.php?id=732519"]
[Date "2010.2.16"]
[Round "1"]
[White "Topera"]
[Black "seveneleven92"]
[Result "1-0"]
[WhiteElo "1949"]
[BlackElo "1637"]

1. d4 d5 2. c4 e6 3. Nc3 Nf6 4. Nf3 c5 5. cxd5 exd5 6. e3 Nc6 7. Bb5 a6 8. Bxc6+
bxc6 9. O-O Bg4 10. Re1 Bd6 11. Nb1 O-O 12. Nbd2 Re8 13. Qc2 Nd7 14. dxc5 Bxc5
15. b3 Qc7 16. h3 Bh5 17. Ng5 Bg6 18. e4 Qb6 19. Re2 Nf6 20. Bb2 Nxe4 21. Ngxe4
dxe4 22. Qc3 f6 23. Nc4 Qa7 24. Na5 Rac8 25. Rc1 Re6 26. Qxc5 1-0

[Event "AUTO-ADV-1656"]
[Site "http://www.queenalice.com/game.php?id=732532"]
[Date "2010.2.16"]
[Round "1"]
[White "Je"]
[Black "Topera"]
[Result "0-1"]
[WhiteElo "1696"]
[BlackElo "1947"]

1. c4 Nf6 2. Nc3 d5 3. Qa4+ Bd7 4. Qb4 Bc6 5. d3 e5 6. Qb3 Nbd7 7. e3 Nc5 8. Qc2
dxc4 9. dxc4 Bd6 10. Be2 O-O 11. Nf3 h6 12. Nh4 Nfe4 13. Nf5 Nxc3 14. Qxc3 Qg5
15. g4 Ne4 16. Qd3 Nc5 17. Qc3 Bxh1 18. Kd2 Ne4+ 19. Kc2 Nxc3 20. bxc3 g6 21. e4
Bxe4+ 22. Kb3 Qf6 23. Nxh6+ Kg7 24. g5 Qxf2 25. Bg4 Qb6+ 26. Ka4 Qc5 27. Rb1
Bxb1 28. Bd1 Qxc4+ 29. Ka5 b6# 0-1

[Event "AUTO-ADV-1656"]
[Site "http://www.queenalice.com/game.php?id=732533"]
[Date "2010.2.16"]
[Round "1"]
[White "Topera"]
[Black "Je"]
[Result "1-0"]
[WhiteElo "1944"]
[BlackElo "1680"]

1. d4 d5 2. c4 dxc4 3. Nc3 e6 4. e3 Bd6 5. Nf3 Qf6 6. Bxc4 Ne7 7. O-O Ng6 8. e4
Nf4 9. e5 Qg6 10. Bxf4 O-O 11. exd6 cxd6 12. Bxd6 Rd8 13. Bxb8 Rxb8 14. Bd3 f5
15. Ne5 Qg5 16. Qb3 b6 17. Bc4 Re8 18. Ne2 Bb7 19. g3 Qh5 20. Bxe6+ Kh8 21. Nf4
Qh6 22. Nf7+ Kg8 23. Nxh6+ Kf8 24. Qb4+ Re7 25. Nxf5 Re8 26. Nxe7 Rxe7 27. Bd5
Ke8 28. Bxb7 Rxb7 29. Ne6 a5 30. Qf8+ Kd7 31. Qxg7+ Kxe6 32. Qxb7 h5 33. Rfe1+
Kf5 34. Qf7+ Kg4 35. Kg2 Kg5 36. Re5+ Kh6 37. Qf6+ Kh7 38. Re7+ Kg8 39. Qg7# 1-0

[Event "AUTO-ADV-1656"]
[Site "http://www.queenalice.com/game.php?id=732542"]
[Date "2010.2.16"]
[Round "1"]
[White "Topera"]
[Black "BESO"]
[Result "0-1"]
[WhiteElo "1852"]
[BlackElo "1776"]

1. d4 Nf6 2. c4 g6 3. Nc3 Bg7 4. Nf3 O-O 5. e3 d5 6. cxd5 Nxd5 7. Be2 c6 8. O-O
Bg4 9. e4 Nxc3 10. bxc3 Nd7 11. Be3 Qc7 12. Qc1 e5 13. Bh6 Rae8 14. Bxg7 Kxg7
15. Re1 Be6 16. Ng5 exd4 17. Nxe6+ Rxe6 18. cxd4 Rxe4 19. d5 Rfe8 20. Qb2+ f6
21. dxc6 bxc6 22. Rac1 c5 23. g3 c4 24. Rxc4 Rxc4 0-1

[Event "AUTO-ADV-1656"]
[Site "http://www.queenalice.com/game.php?id=732543"]
[Date "2010.2.16"]
[Round "1"]
[White "BESO"]
[Black "Topera"]
[Result "1-0"]
[WhiteElo "1795"]
[BlackElo "1833"]

1. d4 Nf6 2. c4 e6 3. Bg5 Be7 4. Nf3 d5 5. Nc3 b6 6. Ne5 Nbd7 7. Nxd7 Qxd7 8. e3
Bb7 9. cxd5 Nxd5 10. Bxe7 Qxe7 11. Bd3 c5 12. dxc5 Qxc5 13. Bb5+ Bc6 14. Bxc6+
Qxc6 15. Rc1 Nxc3 16. Rxc3 Qxg2 17. Qa4+ Kd8 18. Rd3+ Ke7 19. Rd7+ Kf6 20. Qf4+
Kg6 21. Qxf7+ Kh6 22. Qxe6+ g6 23. Ke2 Rac8 24. Rhd1 Rcf8 25. Rf7 Rxf7 26. Qxf7
1-0

[Event "AUTO-INT-1514"]
[Site "http://www.queenalice.com/game.php?id=732591"]
[Date "2010.2.16"]
[Round "2"]
[White "wind39"]
[Black "Topera"]
[Result "0-1"]
[WhiteElo "1598"]
[BlackElo "1929"]

1. e4 c5 2. Bc4 Nc6 3. Qf3 e6 4. d4 cxd4 5. h4 Ne5 6. Qg3 Nxc4 7. Bg5 Be7 8. Nd2
Bxg5 9. Qxg5 Qxg5 10. hxg5 Nxd2 11. Kxd2 f6 12. Re1 fxg5 13. Nf3 h6 14. g4 Nf6
15. Nxd4 b6 16. Nb5 O-O 17. f3 Ba6 18. Nc7 Bc4 19. Nxa8 Rxa8 20. b3 Ba6 21. a4
d5 22. e5 Nd7 23. f4 gxf4 24. Rh3 Rf8 25. c4 dxc4 26. bxc4 Bxc4 27. Rc3 Rc8 28.
Re4 Ba6 29. Rxc8+ Bxc8 30. Rxf4 Nxe5 31. Re4 Ng6 32. Rc4 Bd7 33. Rd4 Be8 34. Rd8
Kf8 35. Kc3 Ke7 36. Ra8 a5 37. Ra7+ Kf6 38. Kb3 Kg5 39. Ra8 Bf7 40. Rc8 Kxg4 41.
Rc6 h5 42. Rxb6 h4 43. Rb7 Ne5 44. Rb8 h3 45. Rb5 h2 46. Rxe5 h1=Q 47. Rxa5 Qf3+
48. Kb4 Be8 49. Ra7 Qf4+ 50. Ka3 Qe3+ 51. Kb4 Qxa7 0-1

[Event "AUTO-INT-1514"]
[Site "http://www.queenalice.com/game.php?id=732592"]
[Date "2010.2.16"]
[Round "2"]
[White "Topera"]
[Black "wind39"]
[Result "1-0"]
[WhiteElo "1916"]
[BlackElo "1601"]

1. d4 Nf6 2. c4 d5 3. Nc3 dxc4 4. e4 Bg4 5. Nf3 Nc6 6. Bxc4 h6 7. O-O Bxf3 8.
Qxf3 Nxd4 9. Qd3 b5 10. Nxb5 Nxb5 11. Bxb5+ Nd7 12. Bf4 e5 13. Bxe5 a6 14. Bc6
Rb8 15. Rad1 Ke7 16. Bxc7 Qxc7 17. Bxd7 Rd8 18. Qa3+ Kf6 19. Qxa6+ Ke7 20. Bb5
Rxd1 21. Rxd1 h5 22. Rd7+ Qxd7 23. Bxd7 Kxd7 24. b4 Bxb4 25. Qb7+ Kd6 26. Qxb4+
Kd7 27. Qd4+ Ke6 28. f4 f5 29. Qxg7 Re8 30. Qg6+ Kd7 31. Qxf5+ Re6 32. Qd5+ Rd6
33. Qxh5 Kc6 34. f5 Kc7 35. e5 Rd8 36. e6 Rd5 37. Qf7+ Kc6 38. e7 Rd7 39. e8=Q
1-0

[Event "AUTO-INT-1514"]
[Site "http://www.queenalice.com/game.php?id=732595"]
[Date "2010.2.16"]
[Round "2"]
[White "Hugopessanha"]
[Black "Topera"]
[Result "0-1"]
[WhiteElo "1743"]
[BlackElo "1918"]

1. e4 c5 2. Nh3 Nc6 3. Bc4 e6 4. d3 d5 5. exd5 exd5 6. Bb3 Bxh3 7. gxh3 Nf6 8.
Nc3 Be7 9. Rg1 O-O 10. Bh6 Re8 11. Bxg7 Bf8+ 12. Ne2 Bxg7 13. Qd2 Kh8 14. O-O-O
Qb6 15. Qg5 Rg8 16. Nf4 Nd4 17. Nxd5 Nxd5 18. Qg4 Nxb3+ 19. axb3 a5 20. h4 a4
21. Qf3 axb3 22. cxb3 Qxb3 23. Rd2 Ra1# 0-1

[Event "AUTO-INT-1514"]
[Site "http://www.queenalice.com/game.php?id=732596"]
[Date "2010.2.16"]
[Round "2"]
[White "Topera"]
[Black "Hugopessanha"]
[Result "0-1"]
[WhiteElo "1913"]
[BlackElo "1766"]

1. d4 Nc6 2. Nf3 Nh6 3. Bxh6 gxh6 4. c4 Bg7 5. e3 e5 6. dxe5 Nxe5 7. Nxe5 Bxe5
8. Qc2 Qf6 9. Nc3 a5 10. Nd5 Qg6 11. O-O-O b5 12. cxb5 a4 13. a3 c6 14. bxc6 Rb8
15. Nb4 Rb6 16. cxd7+ Bxd7 17. Rxd7 Kxd7 18. Be2 Rc8 19. Bc4 Qxg2 20. Rd1+ Bd6
21. Qxa4+ Kd8 22. b3 Ra8 23. Na6 Qxf2 24. Rxd6+ Rxd6 0-1